Top 5 des médailles olympiques des pays par continent - Statistiques

Statistiques générales
  • Ce quiz a été pris 223 fois
  • Le résultat moyen est 22 sur 30
Statistiques - réponses
Continent Médailles Pays % Correct
Europe 888 France
99%
Asie 696 Chine
95%
Europe 1,272 Allemagne / Allemagne de l’Ouest
93%
Am. du Nord 2,941 États-Unis
93%
Am. du Sud 150 Brésil
91%
Asie 497 Japon
91%
Am. du Sud 77 Argentine
90%
Am. du Nord 525 Canada
90%
Europe 742 Italie
90%
Océanie 562 Australie
89%
Am. du Nord 73 Mexique
88%
Océanie 140 Nouvelle-Zélande
82%
Afrique 86 Afrique du Sud
81%
Am. du Sud 33 Colombie
81%
Europe 948 Grande Bretagne
81%
Am. du Sud 13 Chili
80%
Asie 357 Corée du Sud
76%
Am. du Nord 241 Cuba
74%
Am. du Nord 87 Jamaïque
73%
Am. du Sud 19 Venezuela
67%
Afrique 102 Kenya
66%
Afrique 32 Égypte
63%
Afrique 53 Éthiopie
61%
Océanie 3 Fidji
61%
Océanie 1 Samoa
51%
Asie 104 Turquie
49%
Océanie 1 Tonga
48%
Europe 1,339 Union Soviétique / Équipe unifiée
44%
Afrique 25 Nigeria
43%
Asie 80 Kazakhstan
25%
Aucun quiz correspondant
Distribution des résultats
% des personnes avec chaque résultat
Percentile par nombre de réponses
Votre historique - résultats
Vous n’avez pas pris ce quiz